Textbook of general and oral surgery / (رقم التسجيلة. 38333)
[ عرض عادي ]
| 000 -الفاتح | |
|---|---|
| حقل البيانات ثابتة الطول | 01220pam a22004094a 4500 |
| 001 - رقم الضبط | |
| رقم الضبط | 4204509 |
| 003 - محدد رقم الضبط | |
| رقم الضبط | OSt |
| 005 - وقت وتاريخ اخر تعامل مع التسجيلة | |
| رقم الضبط | 20151015162528.0 |
| 008 - عناصر البيانات ثابتة الطول - معلومات عامة | |
| حقل البيانات ثابتة الطول | 030205s2003 stka 001 0 eng |
| 010 ## - رقم ضبط مكتبة الكونجرس | |
| رقم ضبط مكتبة الكونجرس | 2003043517 |
| 015 ## - رقم الببليوجرافية الوطنية | |
| رقم الببليوجرافية الوطنية | GBA3-X7692 |
| 016 7# - رقم ضبط الوكاله الوطنية للضبط الببليوجرافي | |
| رقم ضبط التسجيلة | 101166712 |
| المصدر | DNLM |
| 020 ## - الرقم الدولى المعيارى للكتب | |
| الرقم الدولى المعيارى للكتاب | 0443070830 |
| 020 ## - الرقم الدولى المعيارى للكتب | |
| الرقم الدولى المعيارى للكتاب | 9780443070839 |
| 035 ## - رقم ضبط النظام | |
| رقم ضبط النظام | (OCoLC)ocm51648315 |
| 035 ## - رقم ضبط النظام | |
| رقم ضبط النظام | (NNC)4204509 |
| 040 ## - مصدر الفهرسة | |
| وكالة الفهرسة الأصلية | DNLM/DLC |
| وكالة النسخ | DLC |
| وكالة التعديل | YDX |
| -- | NLM |
| -- | UKM |
| 042 ## - رمز التحقق | |
| رمز التحقق | pcc |
| 050 10 - رقم طلب مكتبة الكونجرس | |
| رقم التصنيف | RK529 |
| رقم المادة | .T487 2003 |
| 060 00 - رقم الطلب بالمكتبة الطبية الوطنية | |
| رقم التصنيف | 2003 K-479 |
| 060 10 - رقم الطلب بالمكتبة الطبية الوطنية | |
| رقم التصنيف | WU 600 |
| رقم المادة | T35515 2003 |
| 082 00 - رقم تصنيف ديوى العشرى | |
| رقم التصنيف | 617.522059 |
| رقم الطبعة | 21 |
| رقم المادة | TEG |
| 245 00 - بيان العنوان | |
| العنوان | Textbook of general and oral surgery / |
| بيان المسئوليه,etc | [edited by] David Wray ... [et al.]. |
| 246 30 - العنوان الموازى | |
| عنوان صحيح/عنوان مختصر | General and oral surgery |
| 260 ## - PUBLICATION, DISTRIBUTION, ETC. (IMPRINT) | |
| مكان الناشر او الموزع | Edinburgh ; |
| -- | New York : |
| اسم الناشر او الموزع | Churchill Livingstone, |
| تاريخ النشر أو التوزيع | 2003. |
| 300 ## - الوصف المادى | |
| التعداد | xii, 322 p. : |
| تفاصيل ماديه اخرى للوعاء | ill. ; |
| أبعاد الوعاء | 25 cm. |
| 500 ## - تبصرة عامة | |
| تبصرة عامة | Includes index. |
| 650 #0 - المدخل الاضافى بالموضوع-مصطلح موضوعى | |
| مصطلح موضوعي أو اسم جغرافي كعنصر مدخل | Mouth |
| التقسيم الفرعي العام | Surgery. |
| 9 (RLIN) | 51884 |
| 650 #0 - المدخل الاضافى بالموضوع-مصطلح موضوعى | |
| مصطلح موضوعي أو اسم جغرافي كعنصر مدخل | Dentistry. |
| 9 (RLIN) | 51885 |
| 650 12 - المدخل الاضافى بالموضوع-مصطلح موضوعى | |
| مصطلح موضوعي أو اسم جغرافي كعنصر مدخل | Oral Surgical Procedures |
| التقسيم الفرعي العام | methods. |
| 9 (RLIN) | 51886 |
| 650 22 - المدخل الاضافى بالموضوع-مصطلح موضوعى | |
| مصطلح موضوعي أو اسم جغرافي كعنصر مدخل | Jaw Diseases |
| التقسيم الفرعي العام | surgery. |
| 9 (RLIN) | 51887 |
| 650 22 - المدخل الاضافى بالموضوع-مصطلح موضوعى | |
| مصطلح موضوعي أو اسم جغرافي كعنصر مدخل | Mouth Diseases |
| التقسيم الفرعي العام | surgery. |
| 9 (RLIN) | 51888 |
| 650 22 - المدخل الاضافى بالموضوع-مصطلح موضوعى | |
| مصطلح موضوعي أو اسم جغرافي كعنصر مدخل | Tooth Diseases |
| التقسيم الفرعي العام | surgery. |
| 9 (RLIN) | 51889 |
| 700 1# - المدخل الاضافى - اسم شخصى | |
| الإسم الشخصى | Wray, David. |
| 9 (RLIN) | 38842 |
| 942 ## - عناصر المدخل الإضافي( كوها) | |
| مصدر التصنيف او مخطط الترفيف | Dewey Decimal Classification |
| Koha [default] item type | كتاب |
| حالة الفقد | نموذج السعر الفعال | حالة تلف | ليس للاعارة | رقم الطلب | تاريخ الاكتساب | الموقع الحالي | الباركود | الفرع الرئيسي | Date last seen | نوع المادة فى نظام كوها | مصدر التصنيف او خطة الترفيف | Total Checkouts |
|---|---|---|---|---|---|---|---|---|---|---|---|---|
| 2015-10-11 | 617.522059 TEG | 2015-10-11 | المكتبة المركزية بالمجمعة (CL) | 00653836 | المكتبة المركزية بالمجمعة (CL) | 2015-10-11 | كتاب | Dewey Decimal Classification | ||||
| 2015-10-11 | 617.522059 TEG | 2015-10-11 | المكتبة المركزية بالمجمعة (CL) | 00653837 | المكتبة المركزية بالمجمعة (CL) | 2015-10-11 | كتاب | Dewey Decimal Classification | ||||
| 2015-10-11 | 617.522059 TEG | 2015-10-11 | المكتبة المركزية بالمجمعة (CL) | 00653838 | المكتبة المركزية بالمجمعة (CL) | 2015-10-11 | كتاب | Dewey Decimal Classification | ||||
| 2017-08-04 | 617.522059 TEG | 2017-08-04 | مكتبة كلية التربية بالزلفى - طالبات (EZF) | 00656294 | مكتبة كلية التربية بالزلفى - طالبات (EZF) | 2017-08-04 | كتاب | Dewey Decimal Classification | ||||
| 2017-08-04 | 617.522059 TEG | 2017-08-04 | مكتبة كلية التربية بالزلفى - طالبات (EZF) | 00656295 | مكتبة كلية التربية بالزلفى - طالبات (EZF) | 2017-08-04 | كتاب | Dewey Decimal Classification | ||||
| 2015-10-15 | 617.522059 TEG | 2015-10-15 | مكتبة كلية العلوم الطبية التطبيقية بالمجمعة - طالبات (AMF) | 00654491 | مكتبة كلية العلوم الطبية التطبيقية بالمجمعة - طالبات (AMF) | 2015-10-15 | كتاب | Dewey Decimal Classification | ||||
| 2015-10-15 | 617.522059 TEG | 2015-10-15 | مكتبة كلية العلوم الطبية التطبيقية بالمجمعة - طالبات (AMF) | 00654492 | مكتبة كلية العلوم الطبية التطبيقية بالمجمعة - طالبات (AMF) | 2015-10-15 | كتاب | Dewey Decimal Classification |
